[Event "HUN-chT2 Toth 1516"]
[Site "Hungary"]
[Date "2015.11.08"]
[Round "4.3"]
[White "Farkas, Sandor"]
[Black "Ginguta, Gheorghe"]
[Result "0-1"]
[WhiteElo "1862"]
[BlackElo "1989"]
[PlyCount "68"]
[EventDate "2015.09.13"]
[EventType "team-tourn"]
[EventRounds "11"]
[EventCountry "HUN"]
[SourceTitle "CBM 170 Extra"]
[Source "ChessBase"]
[SourceDate "2016.02.25"]
[SourceVersion "1"]
[SourceVersionDate "2016.02.25"]
[SourceQuality "1"]
[WhiteTeam "Roszke"]
[BlackTeam "Gyula"]
[WhiteTeamCountry "HUN"]
[BlackTeamCountry "HUN"]

1. d4 d5 2. Nf3 Nf6 3. e3 e6 4. Bd3 c5 5. c3 Nc6 6. Nbd2 Be7 7. dxc5 Bxc5 8. 0-0 0-0 9. e4 Qb6 10. h3 h6 11. exd5 exd5 12. Nb3 Bd6 13. Be3 Qc7 14. Nbd4 a6 15. Nf5 Bf4 16. Bc5 Re8 17. Be3 Ne4 18. Bxf4 Qxf4 19. N5d4 Nxd4 20. Nxd4 Bd7 21. Qf3 Qh4 22. Rfe1 Re5 23. Qe3 Ree8 24. Qf3 Rad8 25. Nf5 Bxf5 26. Qxf5 Re6 27. Bxe4 dxe4 28. g3 Qe7 29. Rad1 Rxd1 30. Rxd1 e3 31. fxe3 Rxe3 32. Rd2 Rxg3+ 33. Kh2 Rg5 34. Qf3 Qe5+ 0-1

[Event "HUN-chT2 Toth 1415"]
[Site "Hungary"]
[Date "2014.11.30"]
[Round "5.3"]
[White "Ginguta, Gheorghe"]
[Black "Vilagos, Nandor"]
[Result "1/2-1/2"]
[WhiteElo "2110"]
[BlackElo "2090"]
[PlyCount "120"]
[EventDate "2014.09.07"]
[EventType "team-tourn"]
[EventRounds "11"]
[EventCountry "HUN"]
[SourceTitle "EXT 2016"]
[Source "ChessBase"]
[SourceDate "2015.10.08"]
[SourceVersion "1"]
[SourceVersionDate "2015.10.08"]
[SourceQuality "1"]
[WhiteTeam "Gyula"]
[BlackTeam "Szentes"]
[WhiteTeamCountry "HUN"]
[BlackTeamCountry "HUN"]

1. e4 c5 2. Nf3 e6 3. d4 cxd4 4. Nxd4 Bc5 5. Nb3 Bb6 6. Nc3 Ne7 7. Bf4 d5 8. Bb5+ Nbc6 9. Qf3 0-0 10. 0-0-0 d4 11. e5 Qc7 12. Ne4 Ng6 13. Bxc6 bxc6 14. Nxd4 f6 15. Bg3 Nxe5 16. Qc3 c5 17. Nf3 Qc6 18. Nxe5 Qxe4 19. Nc4 Qb7 20. h4 e5 21. f4 exf4 22. Bxf4 Bg4 23. Rde1 Rfe8 24. Qg3 Rxe1+ 25. Rxe1 Qd7 26. Bd6 Be6 27. h5 h6 28. Nd2 Re8 29. Ne4 Kh8 30. Rf1 Bf5 31. Nd2 Rd8 32. Nc4 Be6 33. Re1 Re8 34. Nxb6 axb6 35. Qf4 Bf7 36. Rxe8+ Qxe8 37. b3 Bxh5 38. Bc7 b5 39. a4 bxa4 40. bxa4 Qc6 41. g3 c4 42. c3 Qxa4 43. Qe4 Qa1+ 44. Kd2 Qb2+ 45. Qc2 Qb7 46. Bf4 Qg2+ 47. Kc1 Qxc2+ 48. Kxc2 g5 49. Bd6 Kg7 50. Kd2 Bg6 51. Ke3 Bd3 52. Kf3 Kg6 53. Bf8 h5 54. Be7 Kf5 55. Bd8 Be4+ 56. Kf2 h4 57. gxh4 gxh4 58. Be7 h3 59. Bd6 Kg4 60. Ke3 f5 1/2-1/2